Name That Alien Quiz Stats

Quiz Updated Mar 15, 2015

Challenge
Share
Tweet
Score 0/30 Timer 08:00
2 Plays Today
% Correct
E.T.: The Extra-Terrestrial
99.2%
Star Wars
96.2%
Avatar
95.6%
Transformers
94%
Lilo and Stitch
93.2%
Star Trek: The Next Generation
90.8%
Alien
90%
Futurama
86.8%
Guardians of the Galaxy
82.1%
Fantastic Four: Rise of the Silver Surfer
80.8%
Alf
77.2%
Coneheads
74.4%
The Simpsons
72.8%
The Iron Giant
72.3%
American Dad!
69.9%
% Correct
Men in Black
69.6%
Megamind
65%
War of the Worlds
63.3%
3rd Rock from the Sun
62.2%
Mars Attacks!
62.1%
District 9
61.2%
Little Shop of Horrors
59.8%
Monsters vs. Aliens
53.9%
Close Encounters of the Third Kind
44.2%
Space Jam
43.8%
Spaceballs
43.8%
South Park
43.6%
Green Lantern
33.8%
Doctor Who
30.7%
Galaxy Quest
24.5%

You're not logged in!

Compare scores with friends on all Sporcle quizzes.
Join for Free
OR
Log In

You Might Also Like...

Show Comments

Extras

Top Quizzes Today


Score Distribution

Your Account Isn't Verified!

In order to create a playlist on Sporcle, you need to verify the email address you used during registration. Go to your Sporcle Settings to finish the process.

Report this User

Report this user for behavior that violates our Community Guidelines.

Details: